| 000 | 00406nam a2200157 i 4500 | ||
|---|---|---|---|
| 001 | bg | ||
| 100 | 1 | _aŚWIDERSKI, Jan | |
| 245 | 0 |
_aChemia organiczna / _cJan Świderski, Stefania Drabarek, Andrzej Szuchnik. |
|
| 260 |
_aWarszawa, _c1970. |
||
| 700 | 1 | _aDRABAREK, Stefania | |
| 700 | 1 | _aSZUCHNIK, Andrzej | |
| 040 | _cBPK | ||
| 041 | _apol | ||
| 942 | _cKS | ||
| 008 | s pl f |000 0 pol | ||
| 999 |
_c13285 _d13285 |
||
| 856 |
_uhttp://koha.tu.koszalin.pl/cgi-bin/koha/opac-detail.pl?biblionumber=13285 _yKatalog online BPK |
||